Sổ tay truyện ngắn
Tập sách thu gom kinh nghiệm viết truyện ngắn của các nhà văn trong và ngoài nước. Những chập chững ban đầu, đề tài, kỹ năng, ngôn ngữ, cốt truyện, một số vấn đề nghề nghiệp
Đã lưu trong:
| 主要作者: | |
|---|---|
| 格式: | 图书 |
| 语言: | Vietnamese |
| 出版: |
T.P Hồ CHí Minh
Nxb Tác phẩm mới
1980
|
| 主题: | |
| 标签: |
添加标签
没有标签, 成为第一个标记此记录!
|
| Thư viện lưu trữ: | Mạng thư viện Đại học Đà Nẵng |
|---|
| LEADER | 01292nam a2200337 4500 | ||
|---|---|---|---|
| 001 | 000004059 | ||
| 003 | 187 | ||
| 005 | 20121211001244.0 | ||
| 008 | 110714s1980 viesd | ||
| 020 | |c 19000đ | ||
| 041 | 0 | |a vie | |
| 082 | |a 895.9223 |b VU-N | ||
| 100 | 0 | |a Vương Trí Nhàn | |
| 245 | 0 | |a Sổ tay truyện ngắn |c Vương Trí Nhàn sưu tầm, b.s, dịch | |
| 260 | |a T.P Hồ CHí Minh |b Nxb Tác phẩm mới |c 1980 | ||
| 300 | |a 172tr |c 20cm | ||
| 520 | |a Tập sách thu gom kinh nghiệm viết truyện ngắn của các nhà văn trong và ngoài nước. Những chập chững ban đầu, đề tài, kỹ năng, ngôn ngữ, cốt truyện, một số vấn đề nghề nghiệp | ||
| 653 | |a Nghiên cứu văn học | ||
| 653 | |a truyện ngắn | ||
| 653 | |a Việt Nam | ||
| 910 | |d 14/07/20011 | ||
| OWN | |a LSP | ||
| AVA | |a UDN50 |b LSP |d 895.9223 VU-N |e available |t Error 5001 Not defined in file expand_doc_bib_avail. |f 4 |g 1 |h N |i 0 |k 1 | ||
| 999 | |a From the UDN01 | ||
| AVA | |a UDN50 |b LSP |d 895.9223 VU-N |e available |t Error 5001 Not defined in file expand_doc_bib_avail. |f 4 |g 1 |h N |i 0 |k 1 | ||
| TYP | |a Monograph | ||
| TYP | |a Printed language | ||
| 980 | |a Mạng thư viện Đại học Đà Nẵng | ||